LEADER 01115nam0-22003851i-450- 001 990001489130403321 005 20090723115126.0 010 $a0-13-288366-X 035 $a000148913 035 $aFED01000148913 035 $a(Aleph)000148913FED01 035 $a000148913 100 $a20020121d1997----km-y0itay50------ba 101 0 $aeng 102 $aUS 105 $aa---a---001yy 200 1 $aData structures and program design in C$fRobert L. Kruse, Clovis L. Tondo, Bruce P. Leung 205 $a2nd ed. 210 $aUpper Saddle River [N.J.]$cPrentice Hall$dc1997 215 $axvi, 671 p.$cill.$d24 cm 305 $a1st ed. 1991 610 0 $aLinguaggi di programmazione 610 0 $aC 676 $a005.133 700 1$aKruse,$bRobert L.$066245 701 1$aLeung,$bBruce P.$066246 701 1$aTondo,$bClovis L.$020927 801 0$aIT$bUNINA$gRICA$2UNIMARC 901 $aBK 912 $a990001489130403321 952 $a005.133-KRU-1$b1250$fSC1 952 $a005.133-KRU-1A$b1251$fSC1 959 $aSC1 996 $aData structures and program design in C$9377972 997 $aUNINA LEADER 00967nam a2200253 i 4500 001 991001519499707536 008 060306s2004 enk b 001 0 eng 020 $a1845427645 035 $ab13384922-39ule_inst 040 $aSet. Economia$bita 082 0 $a381.1 100 1 $aBetancourt, Roger R.$0249796 245 14$aThe economics of retailing and distribution /$cRoger R. Betancourt 260 $aCheltenham, UK ;$aNorthhampton, Mass. :$bEdward Elgar,$cc2004 300 $axii, 244 p. ;$c23 cm 504 $aInclude bibliografia (p. 223-235) e indice 650 4$aDistribuzione commerciale 650 4$aCommercio al minuto 907 $a.b13384922$b21-09-06$c07-03-06 912 $a991001519499707536 945 $aLE025 ECO 381 BET01.01$g1$i2025000129733$lle025$op$pE29.16$q-$rl$s- $t0$u2$v0$w2$x0$y.i14236400$z16-05-06 996 $aEconomics of retailing and distribution$91090180 997 $aUNISALENTO 998 $ale025$b07-03-06$cm$da $e-$feng$genk$h4$i0